000 00815cam a22002655a 4500
001 L125213
008 040220s2007 xxu f v 000 0 eng u
020 _a0735561249
035 _a(Sirsi) u125213
041 _aeng
050 _a692.80973
_c18
100 1 _aSchwartzkopf, W.
245 0 0 _aCalculating lost labor productivity in construction claims
_b2007 cumulative supplement
260 _aNew York
_bAspen
_c2007
300 _avii, 53p.
_c26cm.
520 _a2007 Cumulative supplement to "Calculating lost labor productivity in construction claims" (0735514225).
650 _aUNITED STATES
650 _aPRODUCTIVITY
650 _aSHIFTWORK
650 _aWEATHER
650 _aMANAGEMENT-PROJECT MANAGEMENT
650 _aLABOUR COSTS
690 _aConstruction management
_96230
942 _n0
999 _c103367
_d103367